Reglamento orgánico de la Academia de Música de la Sociedad Catalana de Conciertos
Descripción Física:
24 p. ; 18 cm
MARC
| LEADER | 00000nam a2200000Ia 4500 | ||
|---|---|---|---|
| 001 | 20690 | ||
| 008 | 160829s1896 xx 000 0 cat d | ||
| 080 | |a RF-8-10 | ||
| 100 | |a Sociedad Catalana de Conciertos. Academia de Música |9 47243 | ||
| 245 | |a Reglamento orgánico de la Academia de Música de la Sociedad Catalana de Conciertos | ||
| 260 | |a Barcelona : |b Tipografía L'Avenç, |c 1896 | ||
| 300 | |a 24 p. ; |c 18 cm | ||
| 590 | |a Prové de 4757, exp. 10. | ||
| 650 | |a Sociedad Catalana de Conciertos. Academia de Música |x Reglaments i procediment |9 47244 | ||
| 856 | 4 | |u https://media.diba.cat/diba/fitxers/arxiu/fulletons/bib_20690_1896_baixa.pdf |y Accés lliure | |
| 856 | 4 | |u https://media.diba.cat/diba/fitxers/arxiu/fulletons/bib_20690_1896_baixa.pdf |y Accés lliure | |
| 901 | |a Arxiu | ||
| 942 | |n 1 |2 udc | ||
| 952 | |0 0 |1 0 |4 0 |6 RF810 |7 1 |9 53768 |a Arxiu |b Arxiu |d 2016-12-01 |l 0 |o RF-8-10 |p 20690 |r 2016-12-01 00:00:00 |w 2016-12-01 |y ARXIU | ||
| 999 | |c 57634 |d 57634 | ||
| 900 | |a bib_20690_1896_baixa.pdf | ||